La divina comedia / (Registro nro. 4171)

Detalles MARC
000 -LEADER
fixed length control field 00900nam a2200229Ia 4500
003 - CONTROL NUMBER IDENTIFIER
control field OSt
005 - DATE AND TIME OF LATEST TRANSACTION
control field 20250627112237.0
008 - FIXED-LENGTH DATA ELEMENTS--GENERAL INFORMATION
fixed length control field 191128t1983 sp er 000 p spa d
020 ## - INTERNATIONAL STANDARD BOOK NUMBER
International Standard Book Number 8475360211
040 ## - CATALOGING SOURCE
Original cataloging agency CO-JMCR
Transcribing agency CO-JMCR
041 ## - LANGUAGE CODE
Language code of text/sound track or separate title spa
082 04 - DEWEY DECIMAL CLASSIFICATION NUMBER
Classification number A-P
Item number DANd
100 1# - MAIN ENTRY--PERSONAL NAME
Personal name Dante, Alighieri,
Dates associated with a name 1265-1321
Relator term autor
9 (RLIN) 8763
245 13 - TITLE STATEMENT
Title La divina comedia /
Statement of responsibility, etc. Dante alighieri
250 ## - EDITION STATEMENT
Edition statement Primera edición
260 ## - PUBLICATION, DISTRIBUTION, ETC.
Place of publication, distribution, etc. Barcelona :
Name of publisher, distributor, etc. Libros rio nuevo,
Date of publication, distribution, etc. ©1983
300 ## - PHYSICAL DESCRIPTION
Extent 654 páginas
Dimensions 19 cm.
500 ## - GENERAL NOTE
General note Incluye datos biográficos del autor en solapa
520 ## - SUMMARY, ETC.
Summary, etc. Poco se sabe de la vida de l Dante. De este hombre de vida modesta, errante y agobiado de tristezas, nadie se tomo el trabajo de registrar los echos mientras vivió,. Quizá el único legado que nos ha quedado de él sea La divina comedia y el retrato
650 14 - SUBJECT ADDED ENTRY--TOPICAL TERM
Topical term or geographic name entry element Poesía mediaval italiana
9 (RLIN) 8764
942 ## - ADDED ENTRY ELEMENTS (KOHA)
Source of classification or shelving scheme Dewey Decimal Classification
Koha item type Books
Existencias
Withdrawn status Lost status Source of classification or shelving scheme Damaged status Not for loan Collection code Home library Current library Date acquired Source of acquisition Total Checkouts Total Renewals Full call number Barcode Date last seen Date last checked out Copy number Koha item type
    Dewey Decimal Classification     Fiction Biblioteca Pública José María del Castillo y Rada Biblioteca Pública José María del Castillo y Rada 11/28/2019 Donación 8 5 A-P DANd 201808993 05/08/2025 05/08/2025 Ej.1 Books